Amalia /

Bibliographic Details
Main Author: Mármol, José, 1818-1871
Format: Electronic eBook
Language:Spanish
Published: Barcelona : www.Linkgua.com, 2011.
Series:Diferencias (Linkgua Ediciones)
Subjects:
Online Access:Digitalia Hispánica

MARC

LEADER 00000nam a2200000Ii 4500
001 DIGLINK00797
003 NyNyDIG
006 m o d
007 cr |||||||||||
008 140401s2011 sp o 000 1 spa d
020 |a 9788498971057  |q (eBook) 
020 |z 9788498162691 
040 |a DGITA  |b eng  |e pn  |c DGITA 
050 1 4 |a PQ7797.M27 eBook 
100 1 |a Mármol, José,  |d 1818-1871.  
245 1 0 |a Amalia /  |c José Mármol. 
264 1 |a Barcelona :  |b www.Linkgua.com,  |c 2011.  
300 |a 1 online resource (690 pages) 
336 |a text  |b txt  |2 rdacontent 
337 |a computer  |b c  |2 rdamedia 
338 |a online resource  |b cr  |2 rdacarrier 
490 1 |a Diferencias. 
600 1 0 |a Rosas, Juan Manuel de,  |d 1793-1877  |v Fiction. 
651 0 |a Argentina  |x History  |y 1817-1860  |v Fiction.  
655 0 |a Electronic books. 
791 2 |a Digitalia (Firm),  |e distributor. 
830 0 |a Diferencias (Linkgua Ediciones) 
793 0 |g Digitalia eBook Collection:  |a Linkgua. 
856 4 0 |3 Digitalia Hispánica  |u https://www.digitaliapublishing.com/a/13643/ 
910 |a Premium Collection: 2007-2012